Normal view
MARC view
- Hydraulique
Entry Topical Term
001 - CONTROL NUMBER
- control field: 110197
003 - CONTROL NUMBER IDENTIFIER
- control field: NUST
005 - DATE AND TIME OF LATEST TRANSACTION
- control field: 20230313185746.0
008 - FIXED-LENGTH DATA ELEMENTS
- fixed length control field: 230313|| aca||aabn | a|a d
040 ## - CATALOGING SOURCE
- Original cataloging agency: NUST
- Transcribing agency: NUST
150 ## - HEADING--TOPICAL TERM
- Topical term or geographic name entry element: Hydraulique
670 ## - SOURCE DATA FOUND
- Source citation: Work cat.: (NUST)0: Akan, A. Osman, author. 110195, Open channel hydraulics.
